000 00581nam a22001577a 4500
020 _a978-93-5009-779-3
082 _a001
_bFUR/T
100 _aFURTADO, PETER
245 _a1001 DAYS THAT SHAPED THE WORLD
250 _aFIRST EDITION
260 _aUNITED KINGDOM
_bHACHETTE
_c2012
300 _a960
520 _aTHE EDITION INCLUDES THE DEEPWATER HORIZON PLATFORM EXPLOSION IN THE GULF OF MEXICO, THE JAPANESE TSUNAMI , OSAMA BIN LADEN KILLED BY U.S. SPECIAL OPERATIONS MILITARY UNIT IN PAKISTAN, THE EURO DEBT CRISIS
650 _aGENERAL KNOWLEDGE
_zUNITED KINGDOM
942 _cBK
999 _c2120
_d2120